000 00755nam a2200229Ii 4500
003 JO-AjNU
008 230605s9999||||xx |||||||||||||| ||und||
017 _a2006/3/656
020 _a9957-00-260-0
040 _aJO-AjNU
_bara
_erda
_cJO-AjNU
041 _aara
050 1 4 _aLB2805.B37 2006
100 3 _aبطاح،أحمد,
_eauthor
_921808
245 0 0 _aقضايا معاصرة في الإدارة التربوية
250 _aط1
264 3 1 _aعمان:دار الشروق،2006/رام الله:دار الشروق،2006
300 _a192ص
336 _atext
_btxt
_2rdacontent
337 _aunmediated
_bn
_2rdamedia
338 _avolume
_bnc
_2rdacarrier
650 4 _aالإدارة التعليمية. المدارس-إدارة
_921809
999 _aA7639
_c11207
_d11207